Rozvoj sociálneho dialógu a sociálneho partnerstva : Diplomová práca

Guardado en:
Detalles Bibliográficos
Autor principal: Baránek, Ľubomír (Autor)
Otros Autores: Černá, Ľubica, 1967- (xxx)
Formato: Manuscrito Libro
Lenguaje:eslovaco
Publicado: Bratislava : STU v Bratislave MtF KPIM, 2005
Materias:
Etiquetas: Agregar Etiqueta
Sin Etiquetas, Sea el primero en etiquetar este registro!

MARC

LEADER 00000ntm a22000003a 4500
001 stu115293
005 20160719155413.3
008 060328s2005----xo------------------slo-d
040 |a STU  |b slo 
041 0 |a slo 
044 |a xo 
100 1 |a Baránek, Ľubomír  |4 aut 
245 1 |a Rozvoj sociálneho dialógu a sociálneho partnerstva :  |b Diplomová práca 
260 |a Bratislava :  |b STU v Bratislave MtF KPIM,  |c 2005 
300 |a 93 s  |c 1 disketa 
650 7 |a priemyselné inžinierstvo a manažment  |2 stusub 
700 1 |a Černá, Ľubica,  |d 1967-  |4 xxx  |u M4000  |U MTF Materiálovotechnologická fakulta  |T MTF Ústav priemyselného inžinierstva a manažmentu  |X 2813  |U M4000  |Y 84  |7 A000002813 
996 |b 284M072697  |c M*DP-5924  |l MMSKP  |s P  |a 0  |w stu115293_0001